000 00593nam a2200265Ia 4500
005 20260306163808.0
008 008 260114s9999 xx 000 0 eng d
020 _a9780804791885
037 _aEBOOK
040 _aCRL
040 _beng
040 _cCRL
041 _2eng
041 _aeng
084 _qCRL
100 _aLinhard
_91129377
245 0 _aJewish Spain
260 _bStanford University Press
260 _c2015
650 _aSocial Work
856 _uhttps://academic.oup.com/book/16191
942 _cEBOOK
999 _c1711526
_d1711526